Merchants of grain /

Збережено в:
Бібліографічні деталі
Автор: Morgan, Dan, 1937-
Формат: Книга
Мова:English
Опубліковано: New York : Viking Press, 1979.
Предмети:
LEADER 01037nam a2200289 i 4500
001 c000332760
003 CARM
005 00000000000000.0
008 790305s1979 nyuaf b 00110 eng
019 1 |a 1385245  |z 23890854  |z 1333852  |z 23060736  |z 53808044  |z 57708777  |5 LACONCORD2021 
020 |a 067047150X :  |c $14.95 
035 |a (OCoLC)4775437  |5 LACONCORD2021 
043 |a n-us--- 
050 0 0 |a HD9030.6  |b .M68 
100 1 |a Morgan, Dan,  |d 1937- 
245 1 0 |a Merchants of grain /  |c Dan Morgan. 
260 |a New York :  |b Viking Press,  |c 1979. 
300 |a xiv, 387 p., [6] leaves of plates :  |b ill. ;  |c 24 cm. 
500 |a Includes index. 
504 |a Bibliography: p. 365-374. 
650 0 |a Grain trade. 
650 0 |a Food supply. 
650 0 |a Grain trade  |z United States. 
852 8 |b CARM  |h A1:AO15E0  |i C09527  |p 0403738  |f BK 
082 0 4 |a 382/.41/31 
999 f f |i b11c0a30-6ee0-5fa5-b451-079e6db5f811  |s f93bd090-9d67-56f7-ba38-1d24b934ce95 
952 f f |p Can circulate  |a CAVAL  |b CAVAL  |c CAVAL  |d CARM 1 Store  |e C09527  |f A1:AO15E0  |h Other scheme  |i book  |m 0403738